MARC

LEADER 00000nam0a2200000 4500
001 294496
005 20231102000714.0
020 |a RU  |b 84-7667 
035 |a (RuTPU)RU\TPU\book\319569 
090 |a 294496 
100 |a 20150514d1984 km y0rusy5003 ca 
101 0 |a rus 
102 |a UA 
105 |a y g 000zy 
200 1 |a Юридический справочник строителя  |f А. П. Ткач, А. К. Селезнев 
205 |a 3-е изд., перераб. и доп. 
210 |a Киев  |c Будiвельник  |d 1984 
215 |a 271 с. 
606 1 |a Капитальное строительство  |x Правовое регулирование  |2 stltpush  |3 (RuTPU)RU\TPU\subj\13785  |9 40347 
610 1 |a справочники 
610 1 |a правовые основы 
610 1 |a строительные организации 
610 1 |a правовое положение 
610 1 |a хозяйственные договоры 
610 1 |a договор подряда 
610 1 |a договор поставки 
610 1 |a договор перевозки 
610 1 |a трудовое законодательство 
610 1 |a социальное страхование 
610 1 |a имущественные требования 
610 1 |a арбитраж 
610 1 |a судопроизводство 
675 |a 69:34(035)  |z rus  |v 4 
700 1 |a Ткач  |b А. П.  |g Анатолий Петрович  |4 070 
701 1 |a Селезнев  |b А. К.  |g Алексей Кузьмич  |4 070 
801 0 |a RU  |b RuMRKP  |c 19950704  |g psbo 
801 1 |a RU  |b 63413507  |c 20150514 
801 2 |a RU  |b 63413507  |c 20190208  |g RCR 
942 |c BK